Ambiente y biodiversidad en Argentina: (Record no. 692)

MARC details
000 -CABECERA
campo de control de longitud fija 02273nam a22002894c 4500
003 - IDENTIFICADOR DE NUMERO DE CONTROL
campo de control AR-BaSMT
008 - CAMPOS DE LONGITUD FIJA
campo de control de longitud fija 230327t2021 agd|||frib|| 001 0 spa d
020 ## - ISBN: Indicadores indefinidos
Número ISBN 9789874180759
040 ## - FUENTE DE CATALOGACION
Agencia de catalogación original BSGB
Idioma de catalogación español
Agencia que realiza la transcripción BSGB
Convenciones de la descripción rda
041 0# - CODIGO DE IDIOMA
Código idioma spa
Idioma original español
080 ## - CDU
CDU completo 574
100 1# - PUNTO DE ACCESO PRINCIPAL
Nombre de persona Cortizas, Ludmila
Enlace autoridades 520
245 1# - MENCION DE TITULO
Título Ambiente y biodiversidad en Argentina:
Subtítulo Problemas y desafíos
250 ## - MENCION DE EDICION
Mención de edición Primera edición
264 ## - PRODUCCIÓN, PUBLICACIÓN, DISTRIBUCIÓN, ETC.
Lugar de publicación, etc. Buenos Aires ;
Nombre editor. Del Aula Taller,
Fecha 2021.
300 ## - DESCRIPCION FISICA
Extensión 58 páginas, Ilustraciones blanco y negro.
336 ## - TIPO DE CONTENIDO
rdacontent rdacontent
texto texto
txt txt
337 ## - TIPO DE MEDIO
rdamedia rdamedia
sin mediación sin mediación
n n
338 ## - TIPO DE SOPORTE
rdacarrier rdacarrier
volumen volumen
nc nc
490 ## - TÍTULO DE LA SERIE
Título de la serie Colección Sociedades y Medioambiente
520 ## - NOTA DE SUMARIO, RESUMEN, ETC.
Toda la nota Sobre los autores | 5 <br/>Presentación | 7 <br/>I. ¿Desde dónde nos posicionamos? | 9 <br/>II. Componentes del ambiente | 13 <br/>Los relieves. ¿Qué son y cuáles son sus características? | 14 <br/>Climas. Elementos, factores y caracterización | 15 <br/>La red de aguas de Argentina | 17 <br/>Suelos. Características, distribución y problemas | 17 <br/>Ambientes y biodiversidad en Argentina | 21 <br/>III. Problemas y conflictos ambientales | 23 <br/>Biodiversidad en peligro. Especies amenazadas en Argentina | 23 <br/>Pérdida de la capa forestal a partir del avance de monocultivos agresores en el norte argentino | 24 <br/>Impactos ambientales producidos por la urbanización de humedales | 26 <br/>Erosión y desertificación de los suelos por sobrepastoreo en Río Negro, Patagonia argentina | 28 <br/> IV. Los espacios de conservación como estrategias de cuidado y protección de la biodiversidad | 31 <br/>Las áreas protegidas. Categorías de conservación y problemas | 31 <br/>Áreas protegidas de usos múltiples | 32 <br/>¿De qué se trata la “famosa” Ley de Bosques? | 33 <br/>En defensa de la biodiversidad | 35 <br/>La función de los zoológicos y los jardines botánicos en la conservación de la biodiversidad | 36 Los jardines botánicos | 39 <br/>V. Pérdida de la biodiversidad, efectos en la salud y seguridad alimentaria | 41 <br/>Desafíos a tener en cuenta | 41 <br/>Apéndice gráfico | 43 <br/>Bibliografía consultada | 55
521 ## - NOTA DE PÚBLICO DESTINATARIO
Nota de audiencia Público general
650 #7 - PUNTO DE ACCESO ADICIONAL DE MATERIA – TÉRMINO TEMÁTICO
Enlace autoridades 85
Término de materia o nombre geográfico como elemento de entrada ECOLOGÍA
700 1# - PUNTO DE ACCESO ADICIONAL – NOMBRE DE PERSONA
Apellido, Nombre Lampert, Damián
Término relacionador: Autor
Enlace autoridades 521
942 ## - ELEMENTOS AGREGADOS (KOHA)
CDU Clasificación Decimal Dewey
Tipo de ítem Libros
Holdings
Disponible Perdido Fuente de clasificación Estado Ubicación permanente Locación actual Estante o sala Fuente de adquisición Número de inventario Total préstamos Signatura topográfica Código de barras Numero de ejemplar Tipo de item de Koha Calificador de localización códificado
    Clasificación Decimal Dewey   Biblioteca Susana G. De Batemarco Biblioteca Susana G. De Batemarco Ciencias Naturales Compra feria del libro 2025 001071   574 COR 001071 1 Libros  

Powered by Koha